000 03958cam a2200421 4500500
005 20260201065957.0
041 _afre
042 _adc
100 1 0 _aGoetz, Mathilde
_eauthor
700 1 0 _aDouet, Jean-Yves
_eauthor
245 0 0 _aLes options thérapeutiques du glaucome chez le cheval
260 _c2026.
500 _a51
520 _aLes options thérapeutiques à disposition pour le traitement du glaucome chez le cheval sont médicales et chirurgicales. L’objectif du traitement est de diminuer la PIO pour apporter du confort au cheval et préserver la vision si elle est toujours présente. La diminution de la PIO s’effectue en régulant le flux d’humeur aqueuse, principalement en diminuant sa production et/ou en augmentant son élimination. Le traitement médical est facilement accessible, et peut être administré par voie locale ou systémique pour certaines molécules. Il comporte généralement des inhibiteurs de l’anhydrase carbonique et des β-bloquants, qui permettent la réduction de la production d’humeur aqueuse. Le traitement chirurgical comporte des techniques permettant de réduire la production d’humeur aqueuse et des techniques filtrantes. Il peut être divisé en deux grandes catégories selon le statut visuel du cheval. La cyclophotocoagulation au laser diode est, pour le moment, la technique la plus prometteuse pour la préservation de la vision. En cas de perte de vision et d’inconfort marqué du cheval, une destruction chimique du corps ciliaire ou une énucléation doivent être envisagées. La réponse au traitement est, dans la plupart des cas, rapide, mais le pronostic visuel au long terme reste sombre. La réalisation d’études comparatives sur l’efficacité des options thérapeutiques à disposition sur des chevaux glaucomateux est nécessaire, afin d’améliorer la prise en charge du glaucome chez le cheval.
520 _aTherapeutics options in the treatment of horse glaucoma are medical and surgical. The primary goal is to lower the IOP in order to provide comfort to the patient and preserve vision if it still remains. Lowering the IOP is done using two mechanisms : decreasing aqueous humour formation and/or increasing aqueous humour outflow. Medical treatment is easily available under prescription and can be administered topically or systematically for some molecules. Carbonic anhydrase inhibitors and beta-blockers are the most frequently used and work by decreasing aqueous humour production. Surgical treatment can be divided in two categories depending on the visual status of the patient. Currently, diode laser cycloablation is the most promising technique for vision preservation. In case of non-visual and painful glaucomatous eye, humane treatments like chemical ciliary body ablation or enucleation must be considered. Response to treatment is, in most cases, quick but the long-term visual prognosis is bad. Prospective comparative clinical trials on glaucomatous horse eyes are necessary to improve the treatment of horse glaucoma.
690 _achirurgical
690 _acorps ciliaire
690 _acyclophotocoagulation
690 _agonio-implant
690 _ahumeur aqueuse
690 _ainhibiteurs de l’anhydrase carbonique
690 _ainjection intravitréenne
690 _amédical
690 _apression intraoculaire
690 _aβ-bloquants
690 _aaqueous humour
690 _abeta-blockers
690 _acarbonic anhydrase inhibitors
690 _aciliary body
690 _acyclophotocoagulation
690 _agonioimplant
690 _aintraocular pressure
690 _aintravitreal injection
690 _amedical
690 _asurgical
786 0 _nLe Nouveau Praticien Vétérinaire - Équine | 19 | 3 | 2026-01-06 | p. 24-30 | 1767-5081
856 4 1 _uhttps://stm.cairn.info/revue-le-nouveau-praticien-veterinaire-equine-2025-3-page-24?lang=fr&redirect-ssocas=7080
999 _c1639793
_d1639793